Bildersturm und Bilderflut um 1800 : zur schwierigen Anschaulichkeit der Moderne ; [Beiträge einer im Februar 1999 an der Universität Bonn gehaltenen Tagung]
Saved in:
| Other Authors: | |
|---|---|
| Document Type: | Book |
| Language: | German |
| Published: |
Bielefeld
: Aisthesis-Verlag
, 2001
|
| Subjects: | |
| Online Access: | Inhaltsverzeichnis Rezension Rezension Rezension Inhaltsverzeichnis |
| Related Items: | Rezensiert in:
[Rezension] Rezensiert in: [Rezension von: Helmut J. Schneider / Ralf Simon / Thomas Wirtz (Hrsg.), Bildersturm und Bilderflut um 1800] Rezensiert in: [Rezension von: Bildersturm und Bilderflut um 1800, zur schwierigen Anschaulichkeit der Moderne, [Beiträge einer im Februar 1999 an der Universität Bonn gehaltenen Tagung...], Helmut J. Schneider ... (Hrsg.)] |
| Author Notes: | Helmut J. Schneider ..., Hrsg. |
| LEADER | 05778cam a2201033 c 4500 | ||
|---|---|---|---|
| 001 | 324709781 | ||
| 003 | DE-627 | ||
| 005 | 20260421121745.0 | ||
| 007 | tu | ||
| 008 | 010207s2001 gw ||||| 00| ||ger c | ||
| 010 | |a 2001422755 | ||
| 015 | |a 01,N08,0591 |2 dnb | ||
| 015 | |a 01,A28,1462 |2 dnb | ||
| 016 | 7 | |a 960673474 |2 DE-101 | |
| 020 | |a 3895282693 |q kart. : DM 68.00, S 500.00, sfr 62.00 |9 3-89528-269-3 | ||
| 035 | |a (DE-627)324709781 | ||
| 035 | |a (DE-603)095720545 | ||
| 035 | |a (DE-576)088351173 | ||
| 035 | |a (DE-599)GBV324709781 | ||
| 035 | |a (OCoLC)1532751170 | ||
| 035 | |a (OCoLC)231878769 | ||
| 035 | |a (OCoLC)47712252 | ||
| 040 | |a DE-627 |b ger |c DE-627 |e rakwb | ||
| 041 | |a ger | ||
| 044 | |c XA-DE | ||
| 050 | 0 | |a PT313.B55 2001 | |
| 082 | 0 | |a 833/.609357 21 |q BVB | |
| 082 | 0 | |a 833.609357 | |
| 084 | |a 53 |2 sdnb | ||
| 084 | |a 53 |a 51 |2 sdnb | ||
| 084 | |a GK 1111 |q OBV |2 rvk |0 (DE-625)rvk/40741: | ||
| 084 | |a GK 1212 |2 rvk |0 (DE-625)rvk/40747:13545 | ||
| 084 | |a GK 1911 |2 rvk |0 (DE-625)rvk/40795: | ||
| 084 | |a GL 1901 |2 rvk |0 (DE-625)rvk/41396: | ||
| 084 | |a 17.73 |2 bkl | ||
| 084 | |a 18.10 |2 bkl | ||
| 245 | 0 | 0 | |a Bildersturm und Bilderflut um 1800 |b zur schwierigen Anschaulichkeit der Moderne ; [Beiträge einer im Februar 1999 an der Universität Bonn gehaltenen Tagung] |c Helmut J. Schneider ..., Hrsg. |
| 264 | 1 | |a Bielefeld |b Aisthesis-Verlag |c 2001 | |
| 300 | |a 335 S |b Ill |c 21 cm | ||
| 336 | |a Text |b txt |2 rdacontent | ||
| 337 | |a ohne Hilfsmittel zu benutzen |b n |2 rdamedia | ||
| 338 | |a Band |b nc |2 rdacarrier | ||
| 500 | |a Die Beiträge gehen zurück auf eine im Februar 1999 an der Universität Bonn gehaltene Tagung | ||
| 505 | 8 | |a Literaturangaben | |
| 648 | 7 | |a Geschichte 1750-1850 |2 gnd | |
| 648 | 4 | |a Geschichte 1750-1850 | |
| 650 | 0 | 7 | |0 (DE-588)4113292-0 |0 (DE-627)105830437 |0 (DE-576)209475285 |a Deutsch |2 gnd |
| 650 | 0 | 7 | |0 (DE-588)4035964-5 |0 (DE-627)106245015 |0 (DE-576)209015608 |a Literatur |2 gnd |
| 650 | 0 | 7 | |0 (DE-588)4006619-8 |0 (DE-627)10637690X |0 (DE-576)208866337 |a Bildersprache |2 gnd |
| 650 | 4 | |a Aesthetics, Modern -- 18th century -- Congresses | |
| 650 | 4 | |a Aesthetics, Modern -- 19th century -- Congresses | |
| 650 | 4 | |a Art and literature -- Congresses | |
| 650 | 4 | |a Art criticism -- Germany -- History -- Congresses | |
| 650 | 4 | |a Art in literature -- Congresses | |
| 650 | 4 | |a German literature -- 18th century -- History and criticism -- Congresses | |
| 650 | 4 | |a German literature -- 19th century -- History and criticism -- Congresses | |
| 650 | 4 | |a Kongress | |
| 655 | 7 | |a Konferenzschrift |y 1999 |z Bonn |0 (DE-588)1071861417 |0 (DE-627)826484824 |0 (DE-576)433375485 |2 gnd-content | |
| 689 | 0 | 0 | |d s |0 (DE-588)4113292-0 |0 (DE-627)105830437 |0 (DE-576)209475285 |a Deutsch |2 gnd |
| 689 | 0 | 1 | |d s |0 (DE-588)4035964-5 |0 (DE-627)106245015 |0 (DE-576)209015608 |a Literatur |2 gnd |
| 689 | 0 | 2 | |d s |0 (DE-588)4006619-8 |0 (DE-627)10637690X |0 (DE-576)208866337 |a Bildersprache |2 gnd |
| 689 | 0 | 3 | |a z |2 gnd |a Geschichte 1750-1850 |
| 689 | 0 | |5 DE-101 | |
| 700 | 1 | |a Schneider, Helmut J. |d 1943- |e Hrsg. |0 (DE-588)122964330 |0 (DE-627)082263744 |0 (DE-576)162948115 |4 edt | |
| 787 | 0 | 8 | |i Rezensiert in |a Baker, Eric |t [Rezension] |d 2004 |w (DE-627)1879252007 |
| 787 | 0 | 8 | |i Rezensiert in |a Schneider, Sabine M. |t [Rezension von: Helmut J. Schneider / Ralf Simon / Thomas Wirtz (Hrsg.), Bildersturm und Bilderflut um 1800] |d 2002 |w (DE-627)1920631399 |
| 787 | 0 | 8 | |i Rezensiert in |a Baker, Eric |t [Rezension von: Bildersturm und Bilderflut um 1800, zur schwierigen Anschaulichkeit der Moderne, [Beiträge einer im Februar 1999 an der Universität Bonn gehaltenen Tagung...], Helmut J. Schneider ... (Hrsg.)] |d 2004 |w (DE-627)493538542 |
| 787 | 0 | 8 | |i Rezensiert in |w (DE-603)125139969 |
| 856 | 4 | 2 | |u https://swbplus.bsz-bw.de/bsz088351173inh.htm |m B:DE-576;DE-352 |q application/pdf |v 20120105091011 |x Verlag |3 Inhaltsverzeichnis |7 1 |
| 856 | 4 | 2 | |u https://swbplus.bsz-bw.de/bsz088351173rez.htm |m V:DE-576 |v 2005-08-10 |3 Rezension |7 1 |
| 856 | 4 | 2 | |u http://www.sehepunkte.de/2002/11/3510.html |m V:DE-576;X:Sehepunkte |q text/html |v 20180423160621 |3 Rezension |7 1 |
| 856 | 4 | 2 | |u http://scans.hebis.de/HEBCGI/show.pl?09572054_rez.pdf |m V:DE-576 |q application/pdf |3 Rezension |7 1 |
| 856 | 4 | 2 | |u http://scans.hebis.de/HEBCGI/show.pl?09572054_toc.pdf |m V:DE-605 |q application/pdf |3 Inhaltsverzeichnis |7 1 |
| 935 | |a IHoeB | ||
| 935 | |i Blocktest | ||
| 936 | r | v | |a GK 1111 |b Darstellungen unter besonderen Gesichtspunkten |k Germanistik. Niederlandistik. Skandinavistik |k Deutsche Literatur |k Goethezeit |k Literaturgeschichte |k Darstellungen unter besonderen Gesichtspunkten |0 (DE-627)1270652591 |0 (DE-625)rvk/40741: |0 (DE-576)200652591 |
| 936 | r | v | |a GK 1212 |b b |k Germanistik. Niederlandistik. Skandinavistik |k Deutsche Literatur |k Goethezeit |k Literaturgeschichte |k Stoff- und Motivgeschichte (A-Z) |k b |0 (DE-627)1271627957 |0 (DE-625)rvk/40747:13545 |0 (DE-576)201627957 |
| 936 | r | v | |a GK 1911 |b Darstellungen unter besonderen Gesichtspunkten |k Germanistik. Niederlandistik. Skandinavistik |k Deutsche Literatur |k Sturm und Drang. Klassik |k Literaturgeschichte |k Darstellungen unter besonderen Gesichtspunkten |0 (DE-627)1270892827 |0 (DE-625)rvk/40795: |0 (DE-576)200892827 |
| 936 | r | v | |a GL 1901 |b Sammlungen nach Themen und Motiven |k Germanistik. Niederlandistik. Skandinavistik |k Deutsche Literatur |k Das 19. Jahrhundert |k Textsammlungen. Anthologien |k Sammlungen nach Themen und Motiven |0 (DE-627)1270708066 |0 (DE-625)rvk/41396: |0 (DE-576)200708066 |
| 936 | b | k | |a 17.73 |j Literaturtheorie: Allgemeines |0 (DE-627)106422154 |
| 936 | b | k | |a 18.10 |j Deutsche Literatur |0 (DE-627)106405047 |
| 936 | s | n | |a g100 |2 mzub |
| 951 | |a BO | ||
| 990 | |a Deutsch | ||
| 990 | |a Literatur | ||
| 990 | |a Bildersprache | ||
| 990 | |a Geschichte 1750-1850 | ||
| 991 | |a Rezensiertes Werk | ||
| 999 | |a KXP-PPN324709781 |e 4953868463 | ||


